1508 1976 1006 1650 1399 1874 1066 1063 1779 1234 1692 1941 1014 1816 1857 1473 1909 1249 1227 1739 1788 1902 1744 1136 1274 1900 1548 1426 1077 1750 1369 1299 1671 1193 1448 1525 1545 1090 1391 1812 1598 1632 1551 1708 1299 1563 1680 1947 1411 1249 1073 1095 1201 1907 1413 1258 1429 1156 1949 1608 1322 1917 1033 1353 1004 1304 1377 1695 1585 1170 1320 1008 1319 1729 1029 1516 1508 1354 1297 1986 1309 1378 1689 1264 1675 1271 1865 1744 1444 1452 1809 1825 1402 1857 1886 2000 1132 1881 1451 BCNSPRNW ULIB Ver.6.0+V

เปลี่ยนเป็นภาษาไทย

Change to English
 แสดงรายละเอียดบรรณานุกรม
  กลับหน้าหลัก

Brief Record : Get Marc (ISO 2709) : E-mail record : QR code < ปิดหน้าต่าง
LEADER : 00000nam 2200000uu 4500
001    13399113326
003     ULIB
008    110627s2553||||th 000 0 tha d
020    9789740435303
090    นว.^bณ429พ 2553
100 0  ณารา
245 00 เพลงรักเพลิงมายา/^cณารา
250    พิมพ์ครั้งที่ 7
260    กรุงเทพฯ :^bพิมพ์คำ,^c2553
300    422 หน้า
710 1  พิมพ์คำ
945    ^p250^l0^i028056
995    ทศพร
999 ^a ใช้งานได้ทุกระบบ
รายการนี้ยังไม่มีแท็ก
คุณยังไม่ได้ล็อกอิน คุณสามารถมีกิจกรรมร่วมกับเว็บไซต์ได้ แต่ต้องล็อกอินก่อน ::
  ล็อกอิน

รายการสื่อสารสนเทศ

ลำดับที่ ประเภท เลขเรียก/บาร์โค้ด สถานที่ สถานะ
- ไม่พบข้อมูล -

รายการใกล้เคียง
    ผู้แต่ง [ณารา]

BibComment


ยังไม่เคยถูกคอมเมนท์

คอมเมนท์ทรัพยากรรายการนี้
  คอมเมนท์: เพลงรักเพลิงมายา ..


 Copyright 2026. Bcnsprnw @Library